TRIBOLOGICAL BEHAVIOUR OF MACHINED SURFACES

Bibliographic Details
Main Authors: Czifra, Árpád (Author), Farkas, Gabriella (Author), Palásti Kovács, Béla (Author)
Format: Article
Language:English
ISBN:9788080738587

MARC

LEADER 00000naa a2200000uu 4500
001 vtls011064387
003 SK-MaSNL
005 20260302143626.0
008 210906|2007 xo |||||||||||||||||eng|
015 |a SNBRA 
035 |a (urnnbn)urn:nbn:sk:snk:ar-a0c5b8 
035 |a (uuid)72fc9603-5dc4-4876-8f24-6d9c27886f4b 
035 |a urn:nbn:sk:snk-aavbrh 
040 |a SNKBUCL  |b slo  |c SNKBUCL  |e AACR2 
041 0 |a eng 
044 |a xo  |c SK 
100 1 |a Czifra, Árpád  |4 aut  |9 833768 
245 1 0 |a TRIBOLOGICAL BEHAVIOUR OF MACHINED SURFACES  |c Árpád CZIFRA, Gabriella FARKAS, Béla PALÁSTI KOVÁCS 
700 1 |a Farkas, Gabriella  |4 aut  |9 833769 
700 1 |a Palásti Kovács, Béla  |4 aut  |9 833770 
773 0 |t Rozvoj technológie obrábania DMC 2007  |d Košice : Technická univerzita, 2007  |g S. [47]-50  |z 9788080738587 
958 |a OND 
958 |a article12 
958 |a chapter 
999 |c 1345496  |d 1347426